Statistics for Countries Producing the Most Pumpkins

Click here to take the quiz!

General Stats

  • This quiz has been taken 57 times
  • The average score is 9 of 12

Answer Stats

Production Country % Correct
863,460United States
100%
7,297,548China
98%
4,987,123India
96%
499,820Mexico
92%
1,232,162Russia
89%
462,266Spain
83%
566,585Italy
79%
603,629Iran
66%
1,104,550Ukraine
64%
444,653Egypt
55%
424,000Bangladesh
49%
566,960Cuba
19%

Score Distribution

Percentile by Number Answered

Percent of People with Each Score

Your Score History

You have not taken this quiz